Statistics for Andalusia Quiz

Click here to take the quiz!

General Stats

  • This quiz has been taken 672 times
  • The average score is 10 of 17

Answer Stats

HintAnswer% Correct
Largest citySeville
93%
Cubist painter born in MálagaPablo Picasso
85%
He started his first voyage to the Americas from Palos de la Frontera in the same yearChristopher Columbus
84%
City home to the Mezquita-Catedral and the Alcázar (with a namesake in Argentina)Córdoba
77%
Most famous dance that originated in the regionFlamenco
74%
Term for North African and Iberian Muslims, often used more broadlyMoors
74%
Palace in Granada and World Heritage SiteAlhambra
73%
Major mountain range (with a namesake in California)Sierra Nevada
68%
Term for the attempt of Spanish kingdoms to capture the Iberian peninsulaReconquista
62%
The Fall of Granada completed the above process. It took place in this year1492
60%
Name given to the region by Muslims during the Middle AgesAl-Andalus
60%
This mighty caliphate ruled the region in the early 700sUmayyad Caliphate
48%
Fortified wine that is called jerez in SpanishSherry
42%
The Roman Empire reached its greatest extent during the reign of this emperor, born in AndalusiaTrajan
34%
1929 surrealist short film by Buñuel and Dalí: An Andalusian ___Dog
27%
Virtuoso acoustic guitarist: Paco __ ____de Lucía
24%
American author who wrote about said palace while staying there in 1829Washington Irving
10%

Score Distribution

Percentile by Number Answered

Percent of People with Each Score

Your Score History

You have not taken this quiz